000 01320nam a2200313 a 4500
001 000038974
003 DO-SdBNP
005 20250621074009.0
008 130509s2011 dr abc 000 0 spa d
020 _a9789945452136
040 _aDO-SdBNP
_bspa
_cBNPHU
082 4 _a972.93
_bC957hi, 2011
_222
100 1 _aCruz Sánchez, Feliberto
_965224
245 1 0 _aHistoria de República Dominicana :
_bdesde Cristóbal Colón hasta el presente /
_cFeliberto Cruz Sánchez.
250 _a4a. ed.
260 _aSanto Domingo :
_bEl Nuevo Diario,
_c2011.
300 _a335 p. :
_bil., mapa, retrs. ;
_c27 cm.
500 _aTexto a dos columnas
500 _aIncluye datos biográficos del autor
651 4 _aRepública Dominicana
_xHistoria
_xEstudio Y Enseñanza
_99647
651 0 _aRepública Dominicana --
_xHistoria --
_yDescubrimiento y conquista, 1492-1503
_9255
651 4 _aRepública Dominicana
_xHistoria
_y1809-1822
_9577
651 4 _aRepública Dominicana
_xHistoria
_yOcupación haitiana, 1822-1844
_97666
651 0 _aRepública Dominicana --
_xHistoria --
_y1844-1930
_91009
651 0 _aRepública Dominicana --
_xHistoria --
_yOcupación norteamericana, 1916-1924
_91926
651 0 _aRepública Dominicana
_xPolítica y gobierno
_945
910 _aValidado. Control de calidad MFF
942 _2ddc
_cLBS1
999 _c38464
_d38464